| Поле | Инд. | ПП | Название | Значение |
|---|---|---|---|---|
| Тип записи | a | |||
| Библиографический уровень | m | |||
| 001 | Контрольный номер | a37b0167525a4ef8ac72819707ec3e6c | ||
| 005 | Дата корректировки | 20260515104935.2 | ||
| 020 | a | ISBN | 978-5-361-00813-1 | |
| 040 | b | Код языка каталог. | rus | |
| e | Правила каталог. | PSBO | ||
| 041 | 0_ | a | Код языка текста | rus |
| 080 | a | Индекс УДК | 72(075.3) | |
| 097 | b | Оператор | *Ж* | |
| 097 | b | Оператор | *Ви* | |
| 100 | 1_ | a | Автор | Немцева Я.А. |
| 245 | 10 | a | Заглавие | Типология зданий и сооружений |
| b | Продолж. заглавия | учебное пособие | ||
| b | Продолж. заглавия | в составе учебно-методического комплекса | ||
| 260 | a | Место издания | Белгород | |
| b | Издательство | Белгородский государственный технологический университет им. В.Г. Шухова | ||
| b | Издательство | ЭБС АСВ | ||
| c | Дата издания | 2020 | ||
| 300 | a | Объем | 238 с. | |
| 440 | _0 | a | Серия | УМК-У |
| 516 | 8_ | a | Прим. о типе комп. файла/ данных | Текст : электронный |
| a | Прим. о типе комп. файла/ данных | Режим доступа: по подписке | ||
| a | Прим. о типе комп. файла/ данных | Дата обращения: 07.07.2022 | ||
| 520 | 0_ | a | Аннотация | Учебное пособие по дисциплине «Типология зданий и сооружений» включает семь глав: «Общие понятия о зданиях и сооружениях», «Типология гражданских зданий», «Типология жилых зданий», «Типология общественных зданий и сооружений», «Типология производственных зданий и сооружений», «Типология сельскохозяйственных зданий и сооружений», «Оценка качества гражданских зданий». В учебном пособии даны основные сведения о типах гражданских, производственных и сельскохозяйственных зданий. Большое внимание уделено их классификации, функциональным характеристикам и особенностям. Рассмотрены принципы объемно-планировочных решений, показана экономическая эффективность эксплуатации различных типов зданий. Учебное пособие разработано в соответствии с рабочей программой дисциплины и предназначено для студентов учреждений среднего и профессионального образования по направлению подготовки 07.03.01 «Архитектура. |
| 535 | 1_ | a | Хранилище | ЦОР IPR SMART |
| 583 | a | Действие | Приписка : УМК | |
| 653 | 0_ | a | Ключевые слова | Здания |
| a | Ключевые слова | Сооружения | ||
| a | Ключевые слова | Типология зданий | ||
| a | Ключевые слова | Экономическая эффективность | ||
| a | Ключевые слова | Типология сооружений | ||
| 655 | 07 | a | Жанр/ форма (устаревшее) | У |
| 700 | 12 | a | Другие авторы | Ярмош Т.С. |
| 700 | 12 | a | Другие авторы | Иванькина Н.А. |
| 700 | 12 | a | Другие авторы | Токарева Т.В. |
| 773 | 18 | w | Контрольный № источника | 9ab57082eb334a23b838f41b93621157 |
| 856 | 40 | u | URL | https://www.iprbookshop.ru/110196.html |
| 901 | t | Тип документа | m | |
| 905 | a | Дата создания записи | 02.12.21 | |
| c | Дата приписки | 15.05.26 | ||
| 952 | a | Тип литературы для КСУ ВШ | *У2* | |
| 952 | e | Факультет | *ИСФ* | |
| 990 | g | Размещение заказа (DOS) | ЭБС IPR BOOKS | |
| 990 | h | N записи в КСУ для Б/У (DOS) | 1004/2021 |